Geography of Libya - Statistics

General Stats
  • This quiz has been taken 26 times
  • The average score is 15 of 20
Answer Stats
Question Answer % Correct
What six countries share a border with Libya? Algeria
100%
What is the official language of Libya? Arabic
100%
What six countries share a border with Libya? Chad
100%
What six countries share a border with Libya? Egypt
100%
What sea does Libya have a coast on in the north? Mediterranean Sea
100%
What desert makes up the vast majority of Libya's land area? Sahara
100%
What is the capital city of Libya? Tripoli
100%
What six countries share a border with Libya? Tunisia
100%
What six countries share a border with Libya? Sudan
96%
What six countries share a border with Libya? Niger
88%
What export accounts for 60% of Libya's GDP? Oil
88%
What is the second-largest city in Libya, known for a U.S. facility terrorist attack? Benghazi
79%
What is the official currency used in Libya? Dinar
75%
What region of five (or six) countries in North Africa is Libya part of? Maghreb
75%
What is a sirocco, known as a ghibli in Libya? Wind
58%
What ocean gulf extends into Libya? (starts with S) Gulf of {Sidra}
46%
What region in southwestern Libya has Sabha as its capital? (starts with F) Fezzan
42%
What city was largely destroyed by flooding as a result of a massive dam failure in 2023? Derna
29%
What mountain range is home to Bikku Bitti, Libya's highest mountain peak? {Tibesti} Mountains
29%
What remote volcano in Libya forms a dark spot in the desert? Waw an {Namus}
17%
No matching quizzes found
Score Distribution
Percent of People with Each Score
Percentile by Number Answered
Your Score History
You have not taken this quiz